000 00635nam a2200193 4500
001 118936
003 ES-MaACL
005 20230906191216.0
007 t|
008 070214s1984 sp r ||||1| spa d
020 _a84-7114-059-4
100 1 _aPeynaud, Emile.
_991592
245 1 0 _aEnología práctica
_b: conocimiento y elaboración del vino /
_cEmile Peynaud ; versión española Alfredo González Salgueiro.
250 _a2ª. ed. rev. y ampl.
260 _aMadrid :
_bMundi-Prensa,
_c1984.
300 _a402 p. :
_bil. ;
_c24 cm.
700 1 _aGonzález Salgueiro, Alfredo.
_958950
852 _aES-MaACL
_jL-11636
_bR.113361
999 _c118936
_d118936